Wicked: The Quiz - Statistics

General Stats
  • This quiz has been taken 1,224 times
  • The average score is 9 of 15
Answer Stats
Question Answer % Correct
Who plays Galinda in the 2024 movie 'Wicked' ? Ariana Grande
88%
What right did the Animals of Oz lose? The Right to Speak
85%
What is the name of Elphaba's sister? Nessarose
82%
What subject does Dr Dillamond teach? History
80%
Who plays Elphaba in the 2024 movie 'Wicked' ? Cynthia Erivo
79%
What is Elphaba's last name? Thropp
71%
Who played Elphaba in the original Wicked Broadway production? Idina Menzel
69%
What school did Elphaba and Galinda attend? Shiz University
59%
Who played Galinda in the original Wicked Broadway production? Kristin Chenoweth
55%
What is Galinda's last name? Upland
54%
What is the name of the Ball that the students attend? The Ozdust Ball
47%
Who did Elphaba's hat originally belong to? Galinda's Grandmother
26%
What was the political role of Elphaba's father? Governor of Munchkinland
26%
Who wrote the novel that Wicked is based on? Gregory Maguire
24%
What is the name of a common beverage in Oz? Elixir
7%
No matching quizzes found
Score Distribution
Percent of People with Each Score
Percentile by Number Answered
Your Score History
You have not taken this quiz